00759cam a2200229 i 4500001000800000005001700008008004100025010001700066020002500083040001800108041000800126080001800134082001800152100000700170101000900177245010100186504005100287906004500338942001200383999001700395952011700412179229020180314081656.0781115s1979 maua b 001 0 eng  a 78018649  a0201063328 :c$16.95 aDLCcDLCdDLC aeng a530.141 joh00a530.141 joh1 a27 a mec10aFoundations of electromagnetic theory /cJohn R. Reitz, Frederick J. Milford, Robert W. Christy. aIncludes bibliographical references and index. a7bcbccorignewd1eocipf19gy-gencatlg 2ddccBK c45009d45009 00102udc40708PËKGa002b002cPËKGd2018-03-14l0o530.141 johp002-3001726r2018-03-14w2018-03-14yBK